000
00291nam a2200121 a 4500
008
101025s1962|||| d
245
1
0
_a
Zápisky Kremeľského veliteľa
100
1
_a
Maľkov, Pavel
260
_b
VPL
_a
Bratislava
_c
1962
041
_a
slo
020
_c
13,50
044
_a
xo
_c
SK
999
_c
12183
_d
12183